| 000 | 00000nas##2200000za#4500 |
| 001 | 9.506800 |
| 003 | CaOODSP |
| 005 | 20200331213135 |
| 007 | cr ||||||||||| |
| 008 | 150406c2005||||xxc|| p o||||f| |0eng|d |
| 040 | |aCaOODSP|beng |
| 043 | |an-cn--- |
| 086 | 1 |aCH37-4/10E-PDF |
| 110 | 1 |aCanada. |bCanadian Heritage. |
| 245 | 10|aInternational Convention on the Elimination of All Forms of Racial Discrimination, ... reports of Canada covering the period ... / |h[electronic resource]|c[issued by the] Human Rights Program, Department of Canadian Heritage. |
| 246 | 3 |aInternational Convention on the Elimination of All Forms of Racial Discrimination, ... report of Canada covering the period ... |
| 260 | |bCanadian Heritage |
| 310 | |aIrregular |
| 690 | 07|aHuman rights|2gcpds |
| 690 | 07|aRacial discrimination|2gcpds |
| 775 | 08|tConvention internationale sur l'élimination de toutes les formes de discrimination raciale, ... rapports du Canada couvrant la période ... / |w(CaOODSP)9.503195 |